| 000 | 01235nam a2200229Ia 4500 | ||
|---|---|---|---|
| 001 | L248-15755 | ||
| 003 | IT-CnALBA | ||
| 008 | 170116s9999||||xx |||||||||||||| ||und|| | ||
| 040 |
_aIT-CnALBA _cIT-CnALBA |
||
| 041 | _aITALIANO | ||
| 100 | _aPEZZALI PIETRO, MONSIGNORE | ||
| 245 | 0 | _aUNA BUONA PAROLA ALLE NOSTRE DONNE. VOL. II: DONNA E SPOSA. | |
| 250 | _a1a ed. | ||
| 260 |
_aMILANO _bDAVERIO GIOVANNI EDITORE _c1925 [1° Ed.:1925 - Ed.Ling.Originale: 1925] |
||
| 300 | _a290 p. | ||
| 500 | _aMARIA E LA DONNA. DONNA E PIETÀ. LA DOMENICA: S. MESSA E DOTTRINA. SACRAMENTI. DIVOZIONE AL CROCIFISSO. A MARIA. ROSARIO. DEFUNTI. DONNA E LAVORO. LA DESOLATA. DONNA E VERGINITÀ. DONNA FORTE E PRUDENTE. LA MADDALENA, SAMARITANA. L'ADULTERA. AMORE CONIUGAL | ||
| 501 | _aSocietà San Paolo EM - Piazza San Paolo, 14 - 12051 ALBA (CN) (non commercial uses only) ® Copyright 2017 | ||
| 520 | _aMARIA E LA DONNA. DONNA E PIETÀ. LA DOMENICA: S. MESSA E DOTTRINA. SACRAMENTI. DIVOZIONE AL CROCIFISSO. A MARIA. ROSARIO. DEFUNTI. DONNA E LAVORO. LA DESOLATA. DONNA E VERGINITÀ. DONNA FORTE E PRUDENTE. LA MADDALENA, SAMARITANA. L'ADULTERA. AMORE CONIUGAL | ||
| 650 | _aASCETICA E MISTICA | ||
| 942 | _cBK | ||
| 957 | _71 | ||
| 999 |
_a20505 _bSI _g Copie: 1 _c274924 _d274924 |
||